Dictionnaire de l'ethnologie et de l'anthropologie

Αποθηκεύτηκε σε:
Λεπτομέρειες βιβλιογραφικής εγγραφής
Άλλοι συγγραφείς: Bonte, Pierre (Επιμελητής έκδοσης), Izard, Michel (Επιμελητής έκδοσης)
Μορφή: Βιβλίο
Γλώσσα:French
Δημοσίευση: Paris : Presses Universitaires de France, c1991
Θέματα:
Ετικέτες: Προσθήκη ετικέτας
Δεν υπάρχουν, Καταχωρήστε ετικέτα πρώτοι!

MARC

LEADER 00000nam a2200000 i 4500
001 1/23781
008 981126s1991 fre d
020 |a 2-13-044539-x 
035 |l 10036939 
040 |a GR-MY-UA  |b gre  |e aacr 
041 0 |a fre 
082 0 |a 301.03 
245 1 0 |a Dictionnaire de l'ethnologie et de l'anthropologie /  |c publie sous la direction de Pierre Bonte et Michel Izard ...[et al.] 
260 |a Paris :   |b Presses Universitaires de France,   |c c1991 
300 |a 755 p. 
504 |a Includes bibliographical references and index 
650 0 0 |a Ethnology  |x Encyclopedias. 
700 1 |a Bonte, Pierre.  |4 edt 
700 1 |a Izard, Michel.  |4 edt 
852 |a INST  |b LESVOS  |e 19981126  |h 301.03 DIC  |p 005100017975  |q 005100017975  |t BK  |y 0 
901 |a BIBL-1998-3 
909 |a Λ  |b 060123 
922 |a 1ΕΛΗ  |b 199810  |c ΚΠΣ/ΤΚΑ  |d ΠΑΠΑΣΩΤΗΡΙΟΥ 
950 |a 117-1998-07-08